[Event "XIII. Solinger Karnevalsopen"]
[Site "Solingen"]
[Date "2024.02.09"]
[Round "1.23"]
[White "Steinbach, Wolfgang"]
[Black "Langensiepen, Burkhard"]
[Result "1-0"]
[WhiteElo "1866"]
[BlackElo "1507"]
[PlyCount "43"]
[EventDate "2024.??.??"]
[WhiteTeam "SG Solingen e. V."]
[BlackTeam "SF Vonkeln 1931"]

1. Nf3 Nf6 2. c4 g6 3. d4 Bg7 4. Nc3 O-O 5. Bg5 d6 6. e3 Re8 7. Be2 Nbd7 8. O-O
e5 9. dxe5 dxe5 10. Nd2 Nc5 11. b4 Ne6 12. Bh4 g5 13. Bg3 Nf8 14. Qc2 Bd7 15.
Rad1 Qe7 16. a3 Rad8 17. Nf3 Nh5 18. Nd5 Qd6 19. Nxg5 Nxg3 20. fxg3 Qg6 21.
Qxg6 hxg6 22. Nxc7 1-0

[Event "XIII. Solinger Karnevalsopen"]
[Site "Solingen"]
[Date "2024.02.09"]
[Round "1.24"]
[White "Kramer, Lars"]
[Black "Marcziter, Alex"]
[Result "0-1"]
[WhiteElo "1504"]
[BlackElo "1864"]
[PlyCount "86"]
[EventDate "2024.??.??"]
[WhiteTeam "SF 1982 Oetzingen e.V."]
[BlackTeam "SG Porz e. V."]

1. e4 e5 2. Nf3 Nc6 3. Bc4 Nf6 4. O-O Bc5 5. h3 d6 6. Re1 h6 7. a4 a6 8. d3 O-O
9. Be3 Bxe3 10. fxe3 Be6 11. Bxe6 fxe6 12. Nbd2 Qe8 13. Nc4 Qg6 14. Qd2 Nh5 15.
Rf1 Ng3 16. Rf2 Rf6 17. Nh4 Qf7 18. Qe1 Rxf2 19. Qxf2 Qxf2+ 20. Kxf2 Nh5 21.
Kg1 Rf8 22. Rf1 Rxf1+ 23. Kxf1 d5 24. exd5 exd5 25. Na3 Kf7 26. g4 Nf6 27. c3
Nd7 28. b4 Nb6 29. a5 Na4 30. Nb1 d4 31. exd4 exd4 32. cxd4 Nxb4 33. Ke2 Nc6
34. Na3 Nxa5 35. Nc4 Nc6 36. Ne5+ Nxe5 37. dxe5 b5 38. Kd2 Nb6 39. Nf5 Nd5 40.
e6+ Kxe6 41. Nxg7+ Kf6 42. Nf5 Kg5 43. d4 h5 0-1

[Event "XIII. Solinger Karnevalsopen"]
[Site "Solingen"]
[Date "2024.02.09"]
[Round "1.25"]
[White "Balster, Semjon"]
[Black "Pernizki, Max"]
[Result "0-1"]
[WhiteElo "1863"]
[BlackElo "1495"]
[PlyCount "47"]
[EventDate "2024.??.??"]
[WhiteTeam "DJK Eintracht Coesfeld e. V."]
[BlackTeam "SG Solingen e. V."]

1. d4 Nf6 2. c4 e6 3. Nc3 Bb4 4. Qc2 O-O 5. e4 d5 6. e5 Ne4 7. a3 Nxc3 8. axb4
Ne4 9. Bd3 Nc6 10. Bxe4 dxe4 11. b5 Nxd4 12. Qxe4 Nb3 13. Rb1 Qe7 14. Qc2 Qb4+
15. Qc3 Qxc3+ 16. bxc3 Nc5 17. Ba3 Nd3+ 18. Ke2 Rd8 19. Nf3 Nf4+ 20. Kf1 Rd3
21. Bb2 b6 22. Ne1 Rd7 23. g3 Bb7 24. Ng2 0-1

[Event "XIII. Solinger Karnevalsopen"]
[Site "Solingen"]
[Date "2024.02.09"]
[Round "1.26"]
[White "Liehs, Karl"]
[Black "Meckel, Helmut"]
[Result "0-1"]
[WhiteElo "1483"]
[BlackElo "1846"]
[PlyCount "58"]
[EventDate "2024.??.??"]
[WhiteTeam "SV 1925 Huerth-Berrenra"]
[BlackTeam "SG Solingen e. V."]

1. e4 e6 2. d4 d5 3. Be3 dxe4 4. f3 exf3 5. Nxf3 Nf6 6. Ne5 Nbd7 7. Bd3 Bd6 8.
Nxd7 Bxd7 9. O-O h5 10. Bg5 Bxh2+ 11. Kh1 Bd6 12. Nd2 Be7 13. Qf3 Bc6 14. Be4
Bxe4 15. Nxe4 Nxe4 16. Bxe7 Qxe7 17. Qxe4 O-O-O 18. c4 Qd7 19. Rfd1 Rh6 20. a4
Qc6 21. d5 exd5 22. cxd5 Qd7 23. b4 Rd6 24. b5 Rxd5 25. Rdc1 Rd4 26. Qe1 Re8
27. Rxc7+ Kxc7 28. Qg3+ Qd6 29. Rc1+ Kb8 0-1

[Event "XIII. Solinger Karnevalsopen"]
[Site "Solingen"]
[Date "2024.02.09"]
[Round "1.27"]
[White "Shivkumar, Siddharth"]
[Black "Shivkumar, Shreyas"]
[Result "1-0"]
[WhiteElo "1845"]
[BlackElo "1481"]
[PlyCount "171"]
[EventDate "2024.??.??"]
[WhiteTeam "SG Solingen e. V."]
[BlackTeam "SG Solingen e. V."]

1. e4 c6 2. d4 d5 3. f3 dxe4 4. fxe4 e5 5. Nf3 Bg4 6. Bc4 Nd7 7. c3 Bd6 8. Qb3
Qe7 9. Qxb7 Rb8 10. Qxc6 Ngf6 11. Ng5 O-O 12. Nxf7 Rxf7 13. Bxf7+ Qxf7 14. h3
Bh5 15. Nd2 Be7 16. g4 Bg6 17. g5 Nxe4 18. Rf1 Qe8 19. Nxe4 Rc8 20. Qd5+ Kh8
21. dxe5 Bc5 22. Bf4 Nb6 23. Qd3 Nc4 24. Qe2 Nxe5 25. Nxc5 Rxc5 26. Bxe5 Rxe5
27. Rf8+ Qxf8 28. Qxe5 Bh5 29. Qe3 a6 30. Kd2 Qd8+ 31. Kc2 Bg6+ 32. Kc1 Qa8 33.
Qd2 Qf8 34. b3 Qa3+ 35. Kd1 Qf8 36. Ke1 Bh5 37. Qe3 Qa8 38. Kf2 Qf8+ 39. Kg2
Qa8+ 40. Kh2 Qb8+ 41. Qg3 Qd8 42. Rf1 Bg6 43. Rf2 Kg8 44. Qf4 Qc8 45. Qc4+ Qxc4
46. bxc4 Bf7 47. Rxf7 Kxf7 48. Kg3 Ke6 49. Kf4 Kd6 50. Ke4 Kc5 51. Kd3 a5 52.
a4 h5 53. h4 g6 54. Kd2 Kxc4 55. Kc2 Kc5 56. Kd3 Kd5 57. c4+ Kc5 58. Kc3 Kc6
59. Kd4 Kd6 60. c5+ Kc6 61. Kc4 Kc7 62. Kb5 Kb7 63. Kxa5 Kc6 64. Kb4 Kc7 65.
Kc4 Kc6 66. Kd4 Kc7 67. Kd5 Kd7 68. a5 Kc7 69. a6 Kb8 70. Kd6 Kc8 71. a7 Kb7
72. Kd7 Kxa7 73. c6 Kb6 74. c7 Kc5 75. c8=Q+ Kd5 76. Qe8 Kc5 77. Qe5+ Kc4 78.
Kc6 Kd3 79. Qf4 Kc3 80. Qe4 Kb3 81. Qd4 Ka3 82. Qb6 Ka2 83. Kc5 Ka1 84. Kc4 Ka2
85. Kc3 Ka3 86. Qa6# 1-0

[Event "XIII. Solinger Karnevalsopen"]
[Site "Solingen"]
[Date "2024.02.09"]
[Round "1.28"]
[White "Atar, Semih Akif"]
[Black "Becker, Carsten"]
[Result "0-1"]
[WhiteElo "1396"]
[BlackElo "1835"]
[PlyCount "86"]
[EventDate "2024.??.??"]
[WhiteTeam "SK Turm Schiefbahn 1931"]
[BlackTeam "SG Solingen e. V."]

1. c4 e6 2. g3 Nf6 3. Bg2 d5 4. Nf3 Be7 5. O-O O-O 6. cxd5 exd5 7. d4 c6 8. Bf4
Re8 9. Nc3 Nbd7 10. a3 a5 11. Rb1 Nb6 12. b4 Bf5 13. Rb3 axb4 14. axb4 Nc4 15.
b5 Ne4 16. bxc6 Nxc3 17. Rxc3 bxc6 18. Ne5 Qa5 19. Rxc4 dxc4 20. Nxc4 Qb5 21.
Ne5 c5 22. Nc6 Qb7 23. Nxe7+ Qxe7 24. Bxa8 Rxa8 25. d5 Bh3 26. Re1 g5 27. d6
Qb7 28. f3 gxf4 29. g4 h5 30. Qc1 Qb4 31. Rd1 hxg4 32. d7 Rd8 33. Qa1 gxf3 34.
Qf6 Rxd7 35. Qg5+ Kf8 36. Qh6+ Ke8 37. Qh8+ Ke7 38. Qh4+ f6 39. Qh7+ Kd8 40.
Qg8+ Kc7 41. Ra1 Qd4+ 42. Kh1 Qxa1+ 43. Qg1 Bg2# 0-1

[Event "XIII. Solinger Karnevalsopen"]
[Site "Solingen"]
[Date "2024.02.09"]
[Round "1.29"]
[White "Kuhn, Andreas"]
[Black "Schuricht, Dirk"]
[Result "1-0"]
[WhiteElo "1833"]
[BlackElo "1388"]
[PlyCount "37"]
[EventDate "2024.??.??"]
[WhiteTeam "SG Niederkassel"]
[BlackTeam "Krefelder SK Turm 1851 e"]

1. Nf3 Nf6 2. c4 g6 3. g3 Bg7 4. Bg2 O-O 5. d4 c5 6. O-O cxd4 7. Nxd4 Nc6 8.
Nc2 d6 9. Nc3 a6 10. b3 Qc7 11. Bb2 b6 12. Nb4 Bb7 13. Ncd5 Nxd5 14. Nxd5 Qd8
15. Bxg7 Kxg7 16. Qd2 Ne5 17. Qd4 Bxd5 18. Bxd5 Rb8 19. f4 1-0

[Event "XIII. Solinger Karnevalsopen"]
[Site "Solingen"]
[Date "2024.02.09"]
[Round "1.30"]
[White "Klaus, Daniel"]
[Black "Rewerts, Ingo"]
[Result "1/2-1/2"]
[WhiteElo "1383"]
[BlackElo "1798"]
[PlyCount "117"]
[EventDate "2024.??.??"]
[WhiteTeam "SF Essen-Katernberg 0"]
[BlackTeam "SV Horrem 1948"]

1. e4 d5 2. exd5 Qxd5 3. d4 e5 4. Nf3 Bg4 5. Be2 c6 6. Nc3 Bb4 7. O-O Bxc3 8.
bxc3 Bxf3 9. Bxf3 Qa5 10. Re1 Nd7 11. dxe5 O-O-O 12. Bg5 f6 13. Bh4 Nxe5 14.
Qe2 Qxc3 15. Bg3 Rd2 16. Bg4+ Kc7 17. Bxe5+ fxe5 18. Qxe5+ Qxe5 19. Rxe5 Kd8
20. Bf5 Rd5 21. Rae1 Nf6 22. Re7 Rd1 23. Rxd1+ Kxe7 24. f3 g6 25. Re1+ Kd8 26.
Re6 Rf8 27. Bd3 Kd7 28. Re1 Nd5 29. Kf2 b5 30. Rd1 Kc7 31. c4 Nc3 32. Rd2 bxc4
33. Bc2 Rd8 34. Rxd8 Kxd8 35. Ke3 Nxa2 36. Kd4 Nb4 37. Be4 Kd7 38. Kxc4 Na6 39.
f4 Kd6 40. g4 Nc5 41. Bc2 a5 42. h4 Nd7 43. f5 gxf5 44. Bxf5 Ne5+ 45. Kb3 h6
46. g5 hxg5 47. hxg5 Nf3 48. Bd3 Nxg5 49. Ka4 Kc5 50. Kxa5 Kd4 51. Bf1 c5 52.
Ba6 Ne4 53. Ka4 Nc3+ 54. Ka5 Nd5 55. Ka4 Nb4 56. Bb5 Kc3 57. Ka5 Nd5 58. Ba6
Nc7 59. Bf1 1/2-1/2

[Event "XIII. Solinger Karnevalsopen"]
[Site "Solingen"]
[Date "2024.02.09"]
[Round "1.31"]
[White "Stark, Sven"]
[Black "Stammen, York Magnus"]
[Result "1-0"]
[WhiteElo "1788"]
[BlackElo "1381"]
[PlyCount "61"]
[EventDate "2024.??.??"]
[WhiteTeam "SC Neckarsulm e.V."]
[BlackTeam "LSV Turm Lippstadt"]

1. e4 e6 2. d4 d5 3. Nd2 c5 4. c3 cxd4 5. cxd4 a6 6. e5 Nc6 7. Ndf3 Qb6 8. Bd3
Bd7 9. Ne2 Nb4 10. Bb1 Ne7 11. O-O Rc8 12. Re1 Nf5 13. Nc3 Nc6 14. Bxf5 exf5
15. Nxd5 Qa7 16. Be3 b6 17. Rc1 Qb7 18. Qb3 b5 19. Nf4 Na5 20. Rxc8+ Qxc8 21.
Qd3 Nc4 22. Rc1 Qb7 23. Qc3 Be7 24. b3 Nxe3 25. fxe3 O-O 26. Qc7 Rb8 27. Nd5
Ba3 28. Rc2 Qxc7 29. Rxc7 Be6 30. Nf4 Bc8 31. Ng5 1-0

[Event "XIII. Solinger Karnevalsopen"]
[Site "Solingen"]
[Date "2024.02.09"]
[Round "1.32"]
[White "Kukowski, Holger"]
[Black "Schuricht, Paul Alexander"]
[Result "0-1"]
[WhiteElo "1373"]
[BlackElo "1785"]
[PlyCount "64"]
[EventDate "2024.??.??"]
[WhiteTeam "SC Listiger Bauer Essen-"]
[BlackTeam "Krefelder SK Turm 1851 e"]

1. c4 Nf6 2. g3 g6 3. Bg2 Bg7 4. Nc3 O-O 5. e4 d6 6. Nge2 c5 7. O-O Nc6 8. h3
Rb8 9. d3 a6 10. a4 Nd7 11. f4 e5 12. Be3 Nd4 13. g4 Nxe2+ 14. Qxe2 exf4 15.
Bxf4 Ne5 16. Rab1 Bd7 17. b4 cxb4 18. Rxb4 Nc6 19. Rb3 Nd4 20. Qd1 Nxb3 21.
Qxb3 Bc6 22. c5 Be5 23. Bh6 Bg7 24. Bf4 Qa5 25. Nd5 Qxc5+ 26. Kh1 Bxd5 27. exd5
Rfe8 28. Rc1 Qf2 29. Bxd6 Re2 30. Be4 Qe3 31. Qd1 Qxh3+ 32. Kg1 Bd4# 0-1

[Event "XIII. Solinger Karnevalsopen"]
[Site "Solingen"]
[Date "2024.02.09"]
[Round "1.33"]
[White "Reinhardt, Klaus"]
[Black "Fodor, Bernhard"]
[Result "1-0"]
[WhiteElo "1774"]
[BlackElo "1287"]
[PlyCount "72"]
[EventDate "2024.??.??"]
[WhiteTeam "vereinslos"]
[BlackTeam "SG Solingen e. V."]

1. Nf3 d5 2. c4 d4 3. e3 Bg4 4. exd4 Nd7 5. Be2 Ngf6 6. Nc3 c6 7. d3 h6 8. O-O
Nh7 9. Ne5 Bxe2 10. Qxe2 Ndf6 11. Be3 Ng5 12. b4 Ne6 13. Qb2 Nc7 14. b5 e6 15.
bxc6 b6 16. a4 Bd6 17. Nb5 O-O 18. Rfd1 Bxe5 19. dxe5 Nfe8 20. d4 Nxb5 21. axb5
Nc7 22. Qb3 Qh4 23. d5 Rfd8 24. d6 Ne8 25. c5 Qh5 26. f4 Qg4 27. cxb6 axb6 28.
Rxa8 Rxa8 29. d7 Nc7 30. d8=Q+ Rxd8 31. Rxd8+ Kh7 32. Qd3+ g6 33. Rd7 Nd5 34.
Rxd5 exd5 35. Qxd5 Qf5 36. Qd7 Qb1+ {ZÜ} 1-0

[Event "XIII. Solinger Karnevalsopen"]
[Site "Solingen"]
[Date "2024.02.09"]
[Round "1.34"]
[White "White, William"]
[Black "Fetahovic, Dzenan"]
[Result "0-1"]
[WhiteElo "1210"]
[BlackElo "1758"]
[PlyCount "62"]
[EventDate "2024.??.??"]
[WhiteTeam "SG Solingen e. V."]
[BlackTeam "SG Solingen e. V."]

1. d4 Nf6 2. Nc3 d5 3. Nf3 Bg4 4. Bf4 e6 5. h3 Bf5 6. e3 a6 7. Bd3 Bxd3 8. cxd3
Bb4 9. Qa4+ Nc6 10. Ne5 Bxc3+ 11. bxc3 Qd6 12. Nxf7 Qe7 13. Nxh8 O-O-O 14. O-O
Rxh8 15. Bg5 h6 16. Bxf6 gxf6 17. e4 Rg8 18. exd5 exd5 19. Qb3 Qd7 20. Kh2 Ne7
21. Rab1 c6 22. c4 Rg7 23. cxd5 Nxd5 24. a4 Nf4 25. Rg1 Qd6 26. g3 Ne2 27. Rg2
Nxd4 28. Qb4 c5 29. Rc1 Rc7 30. Qa3 Qd7 31. Rxc5 Nf3+ 0-1

[Event "XIII. Solinger Karnevalsopen"]
[Site "Solingen"]
[Date "2024.02.09"]
[Round "1.35"]
[White "Hagenhoff, Georg"]
[Black "Hafez, Oualid"]
[Result "1-0"]
[WhiteElo "1737"]
[BlackElo "1168"]
[PlyCount "109"]
[EventDate "2024.??.??"]
[WhiteTeam "LSV Turm Lippstadt"]
[BlackTeam "Duesseldorfer SK 14/25 e."]

1. b4 d5 2. Bb2 Nf6 3. Nf3 Bf5 4. e3 e6 5. b5 c6 6. a4 Bc5 7. d4 Bd6 8. c4 Bxb1
9. Qxb1 Bb4+ 10. Nd2 Ne4 11. Bc1 Qa5 12. Qc2 a6 13. f3 Nxd2 14. Bxd2 O-O 15.
Bd3 Bxd2+ 16. Qxd2 axb5 17. cxb5 Qxd2+ 18. Kxd2 Nd7 19. Rhc1 Rfc8 20. bxc6 Rxc6
21. Bb5 Rxc1 22. Rxc1 Nb6 23. Rc7 h6 24. Rxb7 Nxa4 25. Bc6 Ra6 26. Be8 Rb6 27.
Bxf7+ Kf8 28. Rxb6 Nxb6 29. Bxe6 Ke7 30. Bf5 Kf6 31. Bd3 h5 32. e4 g5 33. e5+
Ke6 34. g3 Nc4+ 35. Bxc4 dxc4 36. h3 h4 37. gxh4 gxh4 38. Kc3 Kf5 39. Kxc4 Kf4
40. e6 Kg3 41. e7 Kxh3 42. e8=Q Kg2 43. Qh5 h3 44. d5 h2 45. d6 h1=Q 46. Qxh1+
Kf2 47. d7 Ke2 48. d8=Q Kf2 49. f4 Ke3 50. f5 Kf4 51. f6 Kf5 52. f7 Kg6 53.
Qg8+ Kf6 54. f8=Q+ Ke5 55. Qe1# 1-0

[Event "XIII. Solinger Karnevalsopen"]
[Site "Solingen"]
[Date "2024.02.09"]
[Round "1.36"]
[White "Kovalyova, Alina"]
[Black "Rabiya, Karim"]
[Result "0-1"]
[WhiteElo "1069"]
[BlackElo "1715"]
[PlyCount "42"]
[EventDate "2024.??.??"]
[WhiteTeam "SG Solingen e. V."]
[BlackTeam "SK Niederbrechen 1948"]

1. e4 Nf6 2. Nc3 e5 3. Nf3 Nc6 4. Bb5 Nd4 5. Bc4 Bc5 6. d3 d6 7. Bg5 Bg4 8. h3
Nxf3+ 9. gxf3 Be6 10. Nd5 Bxd5 11. Bxd5 c6 12. Bb3 Qb6 13. Qe2 a5 14. Bxf6 gxf6
15. a4 Rg8 16. Rh2 Rg1+ 17. Qf1 Bxf2+ 18. Rxf2 Qe3+ 19. Re2 Rxf1+ 20. Kxf1
Qxf3+ 21. Rf2 Qh1+ 0-1

[Event "XIII. Solinger Karnevalsopen"]
[Site "Solingen"]
[Date "2024.02.10"]
[Round "2.1"]
[White "Korchynskyi, Mykola"]
[Black "Shivkumar, Siddharth"]
[Result "1-0"]
[WhiteElo "2263"]
[BlackElo "1845"]
[PlyCount "69"]
[EventDate "2024.??.??"]
[WhiteTeam "SF Essen-Katernberg 0"]
[BlackTeam "SG Solingen e. V."]

1. d4 Nf6 2. c4 e6 3. Nc3 Bb4 4. Qc2 O-O 5. a3 Bxc3+ 6. Qxc3 b6 7. Bg5 Bb7 8.
e3 d6 9. Ne2 Nbd7 10. Qc2 c5 11. Rd1 Qe7 12. Nc3 h6 13. Bh4 Rfd8 14. d5 e5 15.
Bd3 Nf8 16. Ne4 g5 17. Nxf6+ Qxf6 18. Bg3 Ng6 19. O-O Bc8 20. Kh1 Ne7 21. f4
Nf5 22. Bxf5 Bxf5 23. Qc3 gxf4 24. exf4 Qg6 25. fxe5 Bg4 26. Rd2 dxe5 27. Bxe5
Re8 28. Rdf2 Qe4 29. Bh8 Qg6 30. Rxf7 Qxf7 31. Rxf7 Re1+ 32. Qxe1 Kxf7 33. Qf2+
Kg6 34. Qf6+ Kh5 35. Bg7 1-0

[Event "XIII. Solinger Karnevalsopen"]
[Site "Solingen"]
[Date "2024.02.10"]
[Round "2.2"]
[White "Marcziter, Alex"]
[Black "Volkov, Mykyta"]
[Result "0-1"]
[WhiteElo "1864"]
[BlackElo "2259"]
[PlyCount "42"]
[EventDate "2024.??.??"]
[WhiteTeam "SG Porz e. V."]
[BlackTeam "Elberfelder SG"]

1. e4 e6 2. d4 d5 3. e5 c5 4. c3 Nc6 5. Nf3 Bd7 6. a3 Nge7 7. b4 cxd4 8. cxd4
Nf5 9. Bb2 b5 10. Bd3 a5 11. Bxf5 exf5 12. Nc3 axb4 13. Nxb5 bxa3 14. Nxa3 Bb4+
15. Kf1 O-O 16. g3 f4 17. Ng1 Qb6 18. Nc2 Bf5 19. gxf4 Be7 20. Qc1 Na5 21. Ba3
Nb3 0-1

[Event "XIII. Solinger Karnevalsopen"]
[Site "Solingen"]
[Date "2024.02.10"]
[Round "2.3"]
[White "Grabowski, Pawel"]
[Black "Kuhn, Andreas"]
[Result "1-0"]
[WhiteElo "2235"]
[BlackElo "1833"]
[PlyCount "79"]
[EventDate "2024.??.??"]
[WhiteTeam "Godesberger SK 1929 e. V"]
[BlackTeam "SG Niederkassel"]

1. d4 e6 2. Nf3 Nf6 3. Nbd2 d5 4. e3 c5 5. b3 Nc6 6. Bb2 Bd6 7. Bd3 O-O 8. O-O
b6 9. a3 Bb7 10. Ne5 Qc7 11. f4 Ne7 12. Ndf3 Nf5 13. Qe1 Be7 14. dxc5 bxc5 15.
c4 Nd6 16. Rc1 Qb6 17. Qc3 Nfe4 18. Qc2 Rfd8 19. cxd5 exd5 20. Ng4 h5 21. Nf2
Rac8 22. Bxe4 dxe4 23. Nd2 f5 24. Be5 Ba6 25. Rfd1 c4 26. Bd4 Qb7 27. Qb2 Nb5 {
(=)} 28. Nxc4 Nxd4 29. Rxd4 Rxd4 30. Qxd4 Bxa3 31. Rd1 Qxb3 32. Nxa3 Qxa3 33.
Qd5+ Kh8 34. Qxf5 Qxe3 35. Qxh5+ Kg8 36. Qd5+ Kh8 37. Qxe4 Qxe4 38. Nxe4 Rc4
39. Rd8+ Kh7 40. Ng5+ 1-0

[Event "XIII. Solinger Karnevalsopen"]
[Site "Solingen"]
[Date "2024.02.10"]
[Round "2.4"]
[White "Becker, Carsten"]
[Black "Michalczak, Thomas"]
[Result "0-1"]
[WhiteElo "1835"]
[BlackElo "2203"]
[PlyCount "52"]
[EventDate "2024.??.??"]
[WhiteTeam "SG Solingen e. V."]
[BlackTeam "SG Solingen e. V."]

1. e4 c5 2. Nc3 Nc6 3. Nge2 g6 4. g3 Bg7 5. Bg2 Rb8 6. d3 b5 7. a3 a5 8. Rb1 b4
9. axb4 axb4 10. Na4 d6 11. O-O Bg4 12. f3 Bd7 13. b3 Nd4 14. Nb2 Qa5 15. Be3
Nb5 16. Qd2 Na3 17. Nc4 Nxb1 18. Rxb1 Qc7 19. d4 cxd4 20. Bxd4 Bxd4+ 21. Qxd4
Qc5 22. Rd1 Nf6 23. Qxc5 dxc5 24. e5 Nh5 25. Rd5 Rc8 26. f4 Be6 0-1

[Event "XIII. Solinger Karnevalsopen"]
[Site "Solingen"]
[Date "2024.02.10"]
[Round "2.5"]
[White "Marcziter, Dmitrii"]
[Black "Stark, Sven"]
[Result "1/2-1/2"]
[WhiteElo "2187"]
[BlackElo "1788"]
[PlyCount "74"]
[EventDate "2024.??.??"]
[WhiteTeam "SG Porz e. V."]
[BlackTeam "SC Neckarsulm e.V."]

1. d4 Nf6 2. c4 c5 3. d5 b5 4. cxb5 a6 5. b6 Qxb6 6. Nc3 d6 7. Nf3 g6 8. Nd2
Bg7 9. Nc4 Qc7 10. a4 Nbd7 11. a5 Rb8 12. e4 O-O 13. Be2 Ne8 14. O-O f5 15.
exf5 gxf5 16. Bf4 Rb4 17. Qd2 Kh8 18. Rfe1 Ne5 19. Nxe5 dxe5 20. Bh6 Qd6 21.
Bxg7+ Nxg7 {(=)} 22. Bf1 Ne8 23. f3 Nf6 24. Qe3 e4 25. fxe4 fxe4 26. Rad1 Ng4
27. Qg3 Qxg3 28. hxg3 e3 29. d6 exd6 30. Rxd6 Rxb2 31. Ne4 c4 32. Rc6 Bb7 33.
Rxc4 Rff2 34. Rd1 Rf8 35. Re1 Rff2 36. Rd1 Rf8 37. Re1 Rff2 1/2-1/2

[Event "XIII. Solinger Karnevalsopen"]
[Site "Solingen"]
[Date "2024.02.10"]
[Round "2.6"]
[White "Ngo, Quang Thai"]
[Black "Reinhardt, Klaus"]
[Result "1/2-1/2"]
[WhiteElo "2094"]
[BlackElo "1774"]
[PlyCount "85"]
[EventDate "2024.??.??"]
[WhiteTeam "Aachener SV 1856 e. V."]
[BlackTeam "vereinslos"]

1. d4 d5 2. c4 c6 3. Nc3 Nf6 4. Nf3 dxc4 5. g3 Bf5 6. Ne5 Nbd7 7. Nxc4 Nb6 8.
Ne5 g6 9. Bg2 Bg7 10. e4 Be6 11. O-O O-O 12. Re1 Nfd7 13. Nf3 Bg4 14. e5 h6 15.
h3 Be6 16. Nd2 Nd5 17. Nce4 Rc8 18. Nb3 b6 19. f4 c5 20. Nc3 Nxc3 21. bxc3 c4
22. d5 Bxd5 23. Qxd5 e6 24. Qb5 a6 25. Qxa6 cxb3 26. axb3 Rxc3 27. b4 Nb8 28.
Qe2 Qc7 29. Be3 Rc2 30. Qb5 Rd8 31. Qxb6 Qxb6 32. Bxb6 Rdd2 33. Be4 Ra2 34.
Rxa2 Rxa2 35. Rd1 Na6 36. b5 Nb4 37. Bc5 Rb2 38. Rd4 Nd5 39. Bd3 Bf8 40. Bxf8
Kxf8 41. Ra4 Rb3 42. Rd4 Nc3 43. Kg2 1/2-1/2

[Event "XIII. Solinger Karnevalsopen"]
[Site "Solingen"]
[Date "2024.02.10"]
[Round "2.7"]
[White "Schuricht, Emil Frederick"]
[Black "Hagenhoff, Georg"]
[Result "1/2-1/2"]
[WhiteElo "2040"]
[BlackElo "1737"]
[PlyCount "120"]
[EventDate "2024.??.??"]
[WhiteTeam "Krefelder SK Turm 1851 e"]
[BlackTeam "LSV Turm Lippstadt"]

1. d4 Nf6 2. c4 c5 3. d5 e6 4. Nc3 exd5 5. cxd5 d6 6. e4 g6 7. Nf3 Bg7 8. Be2
O-O 9. O-O Re8 10. Nd2 a6 11. a4 Qc7 12. Qc2 Nbd7 13. Nc4 Ne5 14. Nxe5 Rxe5 15.
Bf4 Re8 16. Rab1 Ng4 17. Rfc1 Bd7 18. h3 Ne5 19. b4 b6 20. Be3 f5 21. f4 Nf7
22. Bd3 c4 23. Ne2 b5 24. Ng3 Qb7 25. Be2 fxe4 26. Rd1 Re7 27. h4 Rae8 28. h5
Nh6 29. hxg6 hxg6 30. a5 Qc8 31. Rf1 Nf5 32. Nxf5 Bxf5 33. Rbe1 Bg4 34. Qd1
Bxe2 35. Qxe2 Qf5 36. Rd1 Bc3 37. g4 Qf6 38. Kg2 Rh7 39. Rh1 Ree7 40. Rdf1 Rxh1
41. Rxh1 Rh7 42. Rxh7 Kxh7 43. Qc2 Bxb4 44. Qxe4 Bxa5 45. Bd4 Qf7 46. f5 Bd8
47. Qf4 Qxd5+ 48. Kg1 Kg8 49. fxg6 Bg5 50. Qf2 Qe6 51. Qf3 d5 52. Kf2 Bh4+ 53.
Kg1 b4 54. Bc5 Bf6 55. Bxb4 Kg7 56. Bd2 Kxg6 57. g5 Bxg5 58. Bxg5 Kxg5 59. Qg3+
Qg4 60. Kh1 Qxg3 1/2-1/2

[Event "XIII. Solinger Karnevalsopen"]
[Site "Solingen"]
[Date "2024.02.10"]
[Round "2.8"]
[White "Schuricht, Paul Alexander"]
[Black "Diduh, Ihor"]
[Result "0-1"]
[WhiteElo "1785"]
[BlackElo "2030"]
[PlyCount "78"]
[EventDate "2024.??.??"]
[WhiteTeam "Krefelder SK Turm 1851 e"]
[BlackTeam "Polizeisport-Verein Duisburg 192"]

1. d4 Nf6 2. c4 c5 3. d5 d6 4. Nc3 g6 5. Nf3 Bg7 6. e4 O-O 7. Be2 e6 8. O-O
exd5 9. exd5 Re8 10. Bg5 Qb6 11. Qd2 Bf5 12. Nh4 Bd7 13. Qf4 Rxe2 14. Nxe2 Ng4
15. Qd2 h6 16. Be3 Ne5 17. b3 g5 18. Nf3 Nxf3+ 19. gxf3 Bh3 20. Ng3 Qd8 21. Nh5
Bh8 22. Rfe1 Nd7 23. Rad1 Ne5 24. Qe2 g4 25. f4 Nf3+ 26. Kh1 Qh4 27. Rg1 Nxg1
28. Rxg1 Qxh5 29. f3 f5 30. fxg4 Bxg4 31. Bd2 Re8 32. Qd3 Kf8 33. Rg3 Be2 34.
Qc2 Bf3+ 35. Kg1 Bd4+ 36. Kf1 Be4 37. Qc1 Qxh2 38. Be3 Bd3+ 39. Ke1 Qe2# 0-1

[Event "XIII. Solinger Karnevalsopen"]
[Site "Solingen"]
[Date "2024.02.10"]
[Round "2.9"]
[White "Bien, Stefan"]
[Black "Kovalyov, Dima"]
[Result "0-1"]
[WhiteElo "2017"]
[BlackElo "1602"]
[PlyCount "92"]
[EventDate "2024.??.??"]
[WhiteTeam "SV Horrem 1948"]
[BlackTeam "SG Solingen e. V."]

1. d4 d5 2. Nf3 Nf6 3. c3 e6 4. Bg5 c5 5. e3 Nc6 6. Nbd2 Be7 7. Bd3 Nd7 8. Bxe7
Qxe7 9. O-O O-O 10. Re1 h6 11. e4 Qd6 12. exd5 exd5 13. dxc5 Nxc5 14. Nb3 Ne6
15. Qd2 Nf4 16. Nbd4 Bg4 17. Ne5 Nxe5 18. Qxf4 Nf3+ 19. Qxf3 Bxf3 20. Nxf3 Rfe8
21. Red1 Rad8 22. Rd2 Qf4 23. Rad1 a6 24. Bc2 g6 25. Rd4 Qf6 26. Bd3 Re6 27.
Bc4 Re4 28. Rxd5 Rxd5 29. Bxd5 Re2 30. b4 Qxc3 31. h4 Qxb4 32. Bb3 Re7 33. Rd4
Qc3 34. Rg4 Kg7 35. h5 Qc1+ 36. Kh2 Qc5 37. hxg6 fxg6 38. Rd4 b5 39. Kg3 a5 40.
Rd2 a4 41. Bc2 Qc7+ 42. Kh3 Qc4 43. Bd3 Qb4 44. Rc2 Qf4 45. Rc6 g5 46. Rg6+ Kf7
0-1

[Event "XIII. Solinger Karnevalsopen"]
[Site "Solingen"]
[Date "2024.02.10"]
[Round "2.10"]
[White "Fetahovic, Dzenan"]
[Black "Maenken, Merlin"]
[Result "0-1"]
[WhiteElo "1758"]
[BlackElo "1989"]
[PlyCount "114"]
[EventDate "2024.??.??"]
[WhiteTeam "SG Solingen e. V."]
[BlackTeam "Elberfelder SG"]

1. e4 c5 2. Be2 Nc6 3. f4 d6 4. Nf3 Bg4 5. c3 Nf6 6. d3 g6 7. O-O Bg7 8. Nbd2
O-O 9. Qe1 e5 10. fxe5 dxe5 11. Nc4 Qc7 12. Be3 b6 13. Kh1 Rad8 14. Qg3 Bxf3
15. Qxf3 Ne8 16. Qh3 Nd6 17. Nxd6 Qxd6 18. Rad1 Rde8 19. Bh6 Bxh6 20. Qxh6 Qe6
21. a3 Re7 22. Qg5 f6 23. Qe3 Qb3 24. Qd2 Qe6 25. Rf2 Rd7 26. Rdf1 c4 27. Qe3
cxd3 28. Bxd3 Rd6 29. Qe2 Qd7 30. Bb5 Kg7 31. Bxc6 Qxc6 32. Qc2 Qc4 33. Rd1
Rfd8 34. Rxd6 Rxd6 35. h3 Qd3 36. Kg1 b5 37. Qxd3 Rxd3 38. Kf1 Kf7 39. Ke1 Ke6
40. Ke2 Rd6 41. Ke3 {(=)} f5 42. Rd2 a5 43. Rxd6+ Kxd6 44. b3 Kc5 45. Kd3 fxe4+
46. Kxe4 a4 47. b4+ Kc4 48. Kxe5 Kxc3 49. Kd5 Kb3 50. Kc5 Kxa3 51. Kxb5 Kb3 52.
Kc5 a3 53. b5 a2 54. b6 a1=Q 55. Kc6 Qg7 56. b7 Qe5 57. Kd7 Qb8 0-1

[Event "XIII. Solinger Karnevalsopen"]
[Site "Solingen"]
[Date "2024.02.10"]
[Round "2.11"]
[White "Rabiya, Karim"]
[Black "Kliashtornyi, Arkadii"]
[Result "0-1"]
[WhiteElo "1715"]
[BlackElo "1978"]
[PlyCount "88"]
[EventDate "2024.??.??"]
[WhiteTeam "SK Niederbrechen 1948"]
[BlackTeam "SF Moers e. V."]

1. e4 c6 2. Nc3 d5 3. Nf3 dxe4 4. Nxe4 Nf6 5. Qe2 Nxe4 6. Qxe4 Qa5 7. Bd3 Nd7
8. b4 Qd5 9. Qe3 Nf6 10. c4 Qh5 11. Bb2 Bf5 12. Bxf5 Qxf5 13. O-O e6 14. a3 Bd6
15. Rfe1 {(=)} O-O 16. Be5 Ng4 17. Qe4 Qxe4 18. Rxe4 Nxe5 19. Nxe5 Bxe5 20.
Rxe5 Rfd8 21. Ra2 Rd4 22. Rc2 Rad8 23. Ra5 a6 24. Kf1 Rxd2 25. Rxd2 Rxd2 26. b5
cxb5 27. cxb5 Rd5 28. a4 Rd6 29. Ke2 g6 30. bxa6 bxa6 31. h4 Kf8 32. Ke3 Ke7
33. g4 Kd7 34. h5 Kc7 35. Rc5+ Rc6 36. Kd4 f6 37. f4 Rxc5 38. Kxc5 gxh5 39.
gxh5 h6 40. a5 f5 41. Kc4 Kc6 42. Kd4 Kd6 43. Kd3 Kd5 44. Ke3 Kc4 0-1